000 00591nam a2200193Ia 4500
005 20250508163551.0
008 008 250505s9999 xx 000 0 hin d
037 _aDissertations
040 _aFEDL
_beng
_cFEDL
041 _ahin
_2eng
084 _a370.954, ANI/DI
_qFEDL
100 _aAnita Kumari
245 0 _aSwatantrata prapti ke paschat gathit vibhin bhartiya shiksha-aayog ke uddesh ki taatvik-mimansa
260 _c1994
300 _a89p.
546 _aM. Ed. Dissertation (Delhi University)
942 _cDIS
_h370.954, ANI/DI
999 _c1384120
_d1384120